| 000 | 00426 a2200133 4500 | ||
|---|---|---|---|
| 001 | ART_12129 | ||
| 005 | 20260410161903.0 | ||
| 008 | 260409a | ||
| 245 | 1 | 0 | _aFormulation and estimation of stochastic frontier production finction models |
| 100 | 1 | _aAigner, D.J. | |
| 700 | 1 | _aLovell, Knox C. A. | |
| 700 | 1 | _aSchmidt, Peter | |
| 773 | 0 |
_tJournal of econometrics _g- Vol. 6, NÂș 1 (jul. 1977) _wREV11720 |
|
| 999 |
_c26113 _d26113 |
||